The Virginian : a horseman of the Plains / by Owen ... Read More
Available copies
- 3 of 3 copies available at LARL/NWRL Consortium.
Current holds
0 current holds with 3 total copies.
View other formats and editions
Show Only Available Copies
| Location | Call Number / Copy Notes | Barcode | Shelving Location | Status | Due Date |
|---|---|---|---|---|---|
| Crookston Public Library | WIS (Text) | 33500009403353 | Main | Available | - |
| Fosston Public Library | WIS (Text) | 33500009403361 | Main | Available | - |
| Moorhead Public Library | WIS (Text) | 33500009403379 | Main | Available | - |
Record details
- ISBN: 9781570984150 (cloth : alk. paper)
- ISBN: 1570984158 (cloth : alk. paper)
- ISBN: 1570984166 (deluxe : alk. paper)
- ISBN: 9781570984167 (deluxe : alk. paper)
- Physical Description: xii, 306 p. : ill. ; 26 cm.
- Edition: 100th anniversary ed.
- Publisher: Cody, Wyo. : McCracken Research Library, Buffalo Bill Historical Center ; 2002.
Search for related items by subject
| Subject: | Cattle stealing > Fiction. Vigilantes > Fiction. Wyoming > Fiction. Cowboys > Fiction. |
| Genre: | Western stories. |
| LDR | 01755cam a2200397 a 4500 | ||
|---|---|---|---|
| 001 | 83000 | ||
| 003 | LARL_NWRL_CONSORTIUM | ||
| 005 | 20070815102739.0 | ||
| 008 | 020520s2002 wyua b 001 1 eng | ||
| 010 | . | ‡a2002007903 | |
| 020 | . | ‡a9781570984150 (cloth : alk. paper) | |
| 020 | . | ‡a1570984158 (cloth : alk. paper) | |
| 020 | . | ‡a1570984166 (deluxe : alk. paper) | |
| 020 | . | ‡a9781570984167 (deluxe : alk. paper) | |
| 035 | . | ‡a(OCoLC)49875241 | |
| 040 | . | ‡aDLC ‡cDLC ‡dOCLCQ ‡dBAKER ‡dOCLCQ ‡dBTCTA ‡dYDXCP ‡dVP@ | |
| 043 | . | ‡anp----- | |
| 082 | 0 | 0. | ‡a813/.52 ‡221 |
| 100 | 1 | . | ‡aWister, Owen, ‡d1860-1938. ‡0(LARL_NWRL_CONSORTIUM)59421 |
| 245 | 1 | 4. | ‡aThe Virginian : ‡ba horseman of the Plains / ‡cby Owen Wister ; illustrated by Thom Ross. |
| 250 | . | ‡a100th anniversary ed. | |
| 260 | . | ‡aCody, Wyo. : ‡bMcCracken Research Library, Buffalo Bill Historical Center ; ‡aBoulder, Colo. : ‡bRoberts Rinehart, ‡c2002. | |
| 300 | . | ‡axii, 306 p. : ‡bill. ; ‡c26 cm. | |
| 650 | 0. | ‡aCattle stealing ‡vFiction. ‡0(LARL_NWRL_CONSORTIUM)164140 | |
| 650 | 0. | ‡aVigilantes ‡vFiction. ‡0(LARL_NWRL_CONSORTIUM)167840 | |
| 651 | 0. | ‡aWyoming ‡vFiction. ‡0(LARL_NWRL_CONSORTIUM)167872 | |
| 650 | 0. | ‡aCowboys ‡vFiction. ‡0(LARL_NWRL_CONSORTIUM)164139 | |
| 655 | 7. | ‡aWestern stories. ‡2gsafd | |
| 901 | . | ‡a83000 ‡bOCLC ‡c83000 ‡tbiblio | |

Add to basket
Permalink
Disable Highlighting